01083 2200325 4500001002100000005001500021035002000036007000300056008004100059040002200100100003300122245017900155300004000334504003200374020002200406082001500428084001700443090002200460250002900482264003000511336002100541337003000562338002300592650002300615700003200638700003100670850001200701999002200713990002200735INLIS00000000087913620240823020400 a0010-0623000209ta230612s2023 yoia g ind d aYOPDYOGbinderda0 aWidodo Budiharto,ePengarang10aPanduan riset dan publikasi penelitian bagi akademisi :bkiat meraih hibah & meniti jenjang jabatan akademik /cWidodo Budiharto, Bahtiar S. Abbas; penyunting, Giovanny Risky aviii, 88 halaman :bgambar ;c21 cm aBibliografi : halaman 81-83 a978-623-01-3086-104223a001.42 a001.42 WID p aCB-D.11 2023-0705 aEdisi I, Cetakan I: 202331aYogyakarta :bAndi,c2023 2rdacontentateks 2rdamediaatanpa perantara 2rdacarrieravolume 4aPenelitian, Metode0 aBahtiar S. AbbasePengarang0 aGiovanny RiskyePenyunting aYOPDYOG aCB-D.11/2023-0705 aCB-D.11/2023-0705